| 000 | 00520nab a2200193 a 4500 | ||
|---|---|---|---|
| 005 | 20250327063752.0 | ||
| 008 | 991125s1985 mx 000 0 spa u | ||
| 035 | _aUPN01000140615 | ||
| 100 | 1 |
_aGuzmán Marín, Francisco _935128 |
|
| 222 | _aSIGNOS | ||
| 245 | _aLa transición democrática : condición, mito y esperanza | ||
| 260 | _aMorelia, México | ||
| 300 | _a49-62 | ||
| 362 | 0 | _a2000 Nueva época, no. 1 | |
| 653 | 0 | _aDEMOCRACIA | |
| 653 | 0 | _aGLOBALIZACION | |
| 653 | 0 | _aGOBIERNO | |
| 905 | _aArticulo | ||
| 999 |
_c112763 _d112763 |
||